Kallfv Pewma Mew
Guardat en:
| Autor principal: | |
|---|---|
| Format: | Llibre |
| Idioma: | espanyol |
| Publicat: |
Santiago
Pehuén
2008
|
| Edició: | 1a. ed |
| Matèries: | |
| Etiquetes: |
Afegir etiqueta
Sense etiquetes, Sigues el primer a etiquetar aquest registre!
|
MARC
| LEADER | 00000nam a2200000 a 4500 | ||
|---|---|---|---|
| 001 | UCH9428 | ||
| 003 | CL-VaPUC | ||
| 008 | 100107e20080000CL |||||||||||||||||spa|d | ||
| 020 | |a 9789561604360 | ||
| 082 | 0 | 4 | |a 861 |b CHI |2 21 |
| 100 | |a Chihuailaf Nahuelpan, Elicura |e author |9 360242 | ||
| 245 | 1 | 0 | |a Kallfv Pewma Mew |
| 246 | 1 | 0 | |a Sueño azul |
| 250 | |a 1a. ed | ||
| 300 | |a pág. irreg | ||
| 942 | |c BK | ||
| 945 | |d 20100107 00:00:00 |a cmena | ||
| 260 | |a Santiago |b Pehuén |c 2008 | ||
| 500 | |a Edición bilingüe: español-mapudungun | ||
| 650 | 0 | |a Poesías chilenas |9 265280 | |
| 650 | 0 | |a Literatura chilena |9 308278 | |
| 650 | 0 | |a Poesía mapuche |9 475433 | |
| 650 | 7 | |a GRUPOS ETNICOS |2 CL-VaPUC |9 324200 | |
| 583 | |a last modification |c 20100107 00:00:00 |k Rodrigo Vera | ||
| 999 | |c 339397 |d 339395 | ||
| 952 | |0 0 |1 0 |4 0 |6 861_000000000000000_CHI_2008 |7 0 |8 C |9 433044 |a BIBCUR |b BIBCUR |d 2019-11-22 |i 4602617 |o 861 CHI 2008 |p 4602617 |r 2025-04-22 |w 2019-11-22 |y BK |k CAC | ||